<?xml version="1.0" encoding="UTF-8"?>
<record
    xmlns:xsi="http://www.w3.org/2001/XMLSchema-instance"
    xsi:schemaLocation="http://www.loc.gov/MARC21/slim http://www.loc.gov/standards/marcxml/schema/MARC21slim.xsd"
    xmlns="http://www.loc.gov/MARC21/slim">

  <leader>01169cam a22002891  4500</leader>
  <controlfield tag="001">ne 62000682 </controlfield>
  <controlfield tag="003">DLC</controlfield>
  <controlfield tag="005">20260227111735.0</controlfield>
  <controlfield tag="008">800728m19431946tu bcj        000 0 tur  </controlfield>
  <datafield tag="010" ind1=" " ind2=" ">
    <subfield code="a">ne 62000682 </subfield>
  </datafield>
  <datafield tag="035" ind1=" " ind2=" ">
    <subfield code="a">(OCoLC)6561273</subfield>
  </datafield>
  <datafield tag="040" ind1=" " ind2=" ">
    <subfield code="a">DLC</subfield>
    <subfield code="c">UU</subfield>
    <subfield code="d">UU</subfield>
    <subfield code="d">DLC</subfield>
  </datafield>
  <datafield tag="041" ind1="1" ind2=" ">
    <subfield code="a">turper</subfield>
  </datafield>
  <datafield tag="043" ind1=" " ind2=" ">
    <subfield code="a">a-ii---</subfield>
  </datafield>
  <datafield tag="050" ind1="0" ind2="0">
    <subfield code="a">DS461.1</subfield>
    <subfield code="b">.A218</subfield>
  </datafield>
  <datafield tag="100" ind1="0" ind2=" ">
    <subfield code="a">Babur,</subfield>
    <subfield code="c">Emperor of Hindustan,</subfield>
    <subfield code="d">1483-1530.</subfield>
  </datafield>
  <datafield tag="245" ind1="1" ind2="0">
    <subfield code="a">Vekayi;</subfield>
    <subfield code="b">Baburu&#x315;n h&#xE2;t&#x131;rat&#x131;.</subfield>
    <subfield code="c">[Yazan] Zahir&#xFC;ddin Muhammed Babur.  Do&#x11F;u T&#xFC;rk&#xE7;esinden &#xE7;eviren [izahl&#x131; indeksi ve notlar&#x131; haz&#x131;rl&#x131;yan] Re&#x15F;it Rahmeti Arat.  &#xD6;ns&#xF6;z&#xFC; ve tarihf &#xF6;zeti yazan: Y. Hikmet Bayur.</subfield>
  </datafield>
  <datafield tag="260" ind1=" " ind2=" ">
    <subfield code="a">Ankara,</subfield>
    <subfield code="b">T&#xFC;rk Tarih Kurumu Bas&#x131;mevi,</subfield>
    <subfield code="c">1943-46.</subfield>
  </datafield>
  <datafield tag="300" ind1=" " ind2=" ">
    <subfield code="a">2 v. (678 p.)</subfield>
    <subfield code="b">fold. col. map (in pocket) port., geneal. table.</subfield>
    <subfield code="c">25 cm.</subfield>
  </datafield>
  <datafield tag="490" ind1="1" ind2=" ">
    <subfield code="a">T&#xFC;rk Tarih Kurumu yay&#x131;nlar&#x131;ndan, 2. seri, no. 5a-5b</subfield>
  </datafield>
  <datafield tag="500" ind1=" " ind2=" ">
    <subfield code="a">Translation of B&#x101;barn&#x101;ma.</subfield>
  </datafield>
  <datafield tag="651" ind1=" " ind2="0">
    <subfield code="a">Mogul Empire.</subfield>
  </datafield>
  <datafield tag="651" ind1=" " ind2="0">
    <subfield code="a">India</subfield>
    <subfield code="x">History</subfield>
    <subfield code="y">1526-1765.</subfield>
  </datafield>
  <datafield tag="700" ind1="1" ind2=" ">
    <subfield code="a">Arat, Re&#x15F;it Rahmeti,</subfield>
    <subfield code="d">1900-1964.</subfield>
  </datafield>
  <datafield tag="700" ind1="1" ind2=" ">
    <subfield code="a">Bayur, Yusuf Hikmet,</subfield>
    <subfield code="d">1891-1980.</subfield>
  </datafield>
  <datafield tag="810" ind1="2" ind2=" ">
    <subfield code="a">T&#xFC;rk Tarih Kurumu.</subfield>
    <subfield code="t">T&#xFC;rk Tarih Kurumu yay&#x131;nlar&#x131; ;</subfield>
    <subfield code="v">seri 2, no. 5a-5b.</subfield>
  </datafield>
  <datafield tag="999" ind1=" " ind2=" ">
    <subfield code="c">45090</subfield>
    <subfield code="d">45090</subfield>
  </datafield>
</record>
